Animais extintos - Statistics

Estatísticas Gerais
  • Esse quiz foi jogado 228 vezes
  • A pontuação média é 5 de 15
Estatísticas das Respostas
Imagem Resposta % Correto
Dodo
88%
Tiranossauro
80%
Megalodon
78%
Triceratops
60%
Preguiça Gigante
51%
Estegossauro
46%
Pterodáctilo
39%
Mastodonte
25%
Gato com dentes de sabre
24%
Iguanodonte
17%
Trilobita
10%
Moa
6%
Auroque
3%
Mamotre
1%
Tigre da Tansmânia
0%
Nenhum quiz correspondente encontrado
Distribuição das Pontuações
Porcentagem de Pessoas com Cada Pontuação
Percentil de Números Respondidos
Sua Pontuação Histórica
Você não jogou esse quiz